000
00388nam a2200145Ia 4500
008
100204s9999 xx 000 0 und d
082
_b
1968
100
_a
शिरवळकर माधव
245
_a
लढा
260
_b
"उदयदीप प्रकाशन , मुंबई"
_c
1978
300
_a
96
630
_a
लढा
730
_a
लढा
942
_c
BOOK
999
_c
447130
_d
447127